DESIGN and methods for the study on tree demography in a hill dipterocarp forest at Semangkok Forest Reserve, Peninsular Malaysia

Bibliographic Details
Corporate Author: Institut Penyelidikan Perhutanan Malaysia (FRIM)
Other Authors: Niiyama
Format: Book
Published: Kuala Lumpur : Institut Penyelidikan Perhutanan Malaysia , 1999
Series:Research pamphlet ; n. 123
Subjects:

MARC

LEADER 00000cam a2200000 7i4500
001 0000000902
005 20021016.0
020 0 0 |a 9832181046 
090 0 0 |a FRIM634.909595   |b DES 1999 
245 0 0 |a DESIGN and methods for the study on tree demography in a hill dipterocarp forest at Semangkok Forest Reserve, Peninsular Malaysia   |c K. Niiyama ... (et al.) 
260 0 0 |a Kuala Lumpur :   |b Institut Penyelidikan Perhutanan Malaysia ,   |c 1999 
300 |a Unnumbered :   |b ill. ;   |c 25 cm. 
440 0 0 |a Research pamphlet ; n. 123 
500 0 0 |a Bibliography: [p. 11-12] 
650 0 0 |a Dipterocarpaceae   |z Malaysia 
650 0 0 |a Forests and forestry   |z Malaysia 
650 0 0 |a Trees   |x Growth   |z Malaysia 
700 0 1 |a Niiyama   |h K. 
710 1 1 |a Institut Penyelidikan Perhutanan Malaysia (FRIM) 
998 |a JPSM 
999 |a 0000001923   |b Monograph   |c Open Shelf   |e Default branch 
999 |a 0000003439   |b Monograph   |c Open Shelf   |e Default branch